Beyond tragedy : structure & experience in Shakespeare's romances /

Bibliographic Details
Main Author: Uphaus, Robert W.
Format: Book
Language:English
Published: Lexington : University Press of Kentucky, [1981]
Subjects:

MARC

Tag First Indicator Second Indicator Subfields
LEADER 00000pam a2200000 a 4500
001 in00000091583
005 20151008064029.0
008 810610s1981 kyu b s00110 eng
010 |a  80005184  
020 |a 0813114411 :  |c $13.00 
035 |a (OCoLC)07574045 
035 |9 AAK3389AM 
040 |a DLC  |c DLC  |d TXA  |d UtOrBLW 
049 |a TXAM 
050 0 0 |a PR2981.5  |b .U6 
082 0 |a 822.3/3  |2 19 
100 1 |a Uphaus, Robert W. 
245 1 0 |a Beyond tragedy :  |b structure & experience in Shakespeare's romances /  |c Robert W. Uphaus. 
264 1 |a Lexington :  |b University Press of Kentucky,  |c [1981] 
264 4 |c ©1981 
300 |a 150 pages ;  |c 22 cm. 
336 |a text  |b txt  |2 rdacontent 
337 |a unmediated  |b n  |2 rdamedia 
338 |a volume  |b nc  |2 rdacarrier 
504 |a Includes bibliographical references and index. 
536 |a From the library of Harrsion T. Meserole, 2002. 
600 1 0 |a Shakespeare, William,  |d 1564-1616  |x Tragicomedies. 
999 |a MARS 
999 f f |s 488b4a8b-2e8b-3d49-97a6-f5d03dc7076c  |i f8d1a608-9370-31dd-a486-2df8b082850c  |t 0 
952 f f |p normal  |a Texas A&M University  |b College Station  |c Sterling C. Evans Library  |s Evans stk  |d Evans: Library Stacks  |t 0  |e PR2981.5 .U6  |h Library of Congress classification  |i unmediated -- volume  |m A14830405229 
998 f f |a PR2981.5 .U6  |t 0  |l Evans: Library Stacks